000 01572cam a22004574i 4500
003 PE-LiUPU
005 20250731172922.0
008 150623s r 000 0 d
020 _a1556735731
035 _a(Sirsi) i9781556735738
040 _aPE-LiUPU
_bspa
_cPE-LiUPU
_erda
049 _aPRUA
082 0 4 _a251
_bJ39
_221
100 1 _aJensen, Richard,
_eautor.
245 1 0 _aThinking in story; preaching in a post-literate age /
_cRichard A. Jensen.
264 1 _aLima, Ohio :
_bCSS Publishing Co.,
_c1993.
300 _a145 páginas ;
_c21 centímetros
336 _atext
_2rdacontent
337 _aunmediated
_2rdamedia
338 _avolume
_2rdacarrier
505 0 _aCommunication cultures and preaching design. -Preaching in a post-literate age. -Toward a theology for preaching. -Sources of stories. -Stitching stories. -Afterword.
526 _aSEG42
526 _aSEG41
526 _aSEG40
526 _aSEG39
526 _aP94
526 _aP87
526 _aP86
526 _aP85
526 _aP77
526 _aP76
526 _aP35
650 0 4 _aNarración de cuentos
_xCristianismo.
650 0 4 _aPredicación.
942 _2ddc
_cBOOK
949 _a251 J39
_wDEWEY
_c1
_i43763
_lCCODEBUL1
_mBUL
_r0
_sY
_tBOOK
_u2015-6-24
_xTEOLOGIA
_PP35
_0COMPRA
_o.STAFF. Colección General
994 _aC0
_bPEPRU
596 _a1
999 _a251 J39
_wDEWEY
_c20166
_i43763
_f2021-11-10
_g5
_lCCODEBUL1
_mBUL
_r0
_sY
_tBOOK
_u2015-6-24
_xTEOLOGIA
_PP35
_0COMPRA
_o.STAFF. Colección General
_d20166
980 _81
_gALBERTO SANCHEZ Responsable de Automatización